Condición humana y derechos humanos: algunas claves filosóficas para un modelo contemporáneo de derechos
Sparad:
| Huvudupphovsman: | |
|---|---|
| Materialtyp: | Bok |
| Språk: | spanska |
| Publicerad: |
Madrid
Dykinson S.L
2016
|
| Upplaga: | 1a. ed |
| Serie: | Cuadernos Bartolomé de las Casas, 63
|
| Ämnen: | |
| Taggar: |
Lägg till en tagg
Inga taggar, Lägg till första taggen!
|
MARC
| LEADER | 00000cam a2200000 a 4500 | ||
|---|---|---|---|
| 001 | UCC9543 | ||
| 003 | CL-VaPUC | ||
| 008 | 191004e20160000sp |||||||||||||||||spa|d | ||
| 020 | |a 9788491480174 | ||
| 082 | 0 | 4 | |a 341.481 |b BAR |2 21 |
| 100 | |a Barranco Avilés, María del Carmen |e author |9 395285 | ||
| 245 | 1 | 0 | |a Condición humana y derechos humanos: algunas claves filosóficas para un modelo contemporáneo de derechos |
| 250 | |a 1a. ed | ||
| 300 | |a 152 p | ||
| 942 | |c BK | ||
| 945 | |d 20191004 13:59:00 |a dcastane | ||
| 260 | |a Madrid |b Dykinson S.L |c 2016 | ||
| 650 | 0 | |a Derechos humanos |9 223025 | |
| 650 | 0 | |a Derechos fundamentales |9 254841 | |
| 650 | 0 | |a Derecho natural |9 255041 | |
| 650 | 0 | |a Naturaleza humana |9 308593 | |
| 583 | |a last modification |c 20191004 13:59:00 |k Rodrigo Vera | ||
| 490 | 0 | |a Cuadernos Bartolomé de las Casas, 63 | |
| 999 | |c 375723 |d 375721 | ||
| 952 | |0 0 |1 0 |3 erb |4 0 |6 341_481000000000000_BAR_2016 |7 0 |8 WP_COW |9 561525 |a BIBDER |b BIBDER |e Fundación W and P Cowley |i 5605393 |o 341.481 BAR 2016 |p 5605393 |r 2023-01-25 |w 2020-03-12 |y BK |z Catalogado en:20191004 |k WPC | ||